Softvérové riešenie vybraných úloh teórie hier diplomová práca

Saved in:
Bibliographic Details
Main Author: Zdarilek, Ján
Corporate Author: Fakulta hospodárskej informatiky EU. Katedra operačného výskumu a ekonometrie
Other Authors: Čičková, Zuzana, 1978-
Format: Book
Language:Slovak
Published: Bratislava 2022
Tags: Add Tag
No Tags, Be the first to tag this record!

MARC

LEADER 00000nbm a2200000 4500
001 0286002
005 20230123093013.0
041 0 |a slo 
044 |a SK 
245 1 0 |a Softvérové riešenie vybraných úloh teórie hier  |b diplomová práca  |c Ján Zdarilek ; školiteľ: Zuzana Čičková 
264 1 |a Bratislava  |c 2022 
300 |a 52 s. 
100 1 |a Zdarilek, Ján 
700 1 |a Čičková, Zuzana, 1978- 
710 2 |a Fakulta hospodárskej informatiky EU. Katedra operačného výskumu a ekonometrie